| 000 | 01872nam a2200433Ia 4500 | ||
|---|---|---|---|
| 001 | ebr10281480 | ||
| 003 | CaPaEBR | ||
| 006 | m u | ||
| 007 | cr cn||||||||| | ||
| 008 | 080812s2009 dcua sb i001 0 eng d | ||
| 010 | _z 2008035533 | ||
| 020 | _z9780821377321 (alk. paper) | ||
| 020 | _z0821377329 (alk. paper) | ||
| 020 | _z9780821377338 | ||
| 020 | _z0821377337 | ||
| 040 |
_aCaPaEBR _cCaPaEBR |
||
| 035 | _a(OCoLC)560619075 | ||
| 050 | 1 | 4 |
_aHD7105.35.E852 _bA354 2009eb |
| 245 | 0 | 0 |
_aAging population, pension funds, and financial markets _h[electronic resource] : _bregional perspectives and global challenges for central, eastern, and southern Europe / _cRobert Holzmann, editor. |
| 260 |
_aWashington, DC : _bWorld Bank ; _a[Vienna] : _bERSTE Stiftung, _cc2009. |
||
| 300 |
_axvi, 162 p. : _bill. |
||
| 490 | 1 | _aDirections in development. Finance | |
| 504 | _aIncludes bibliographical references and index. | ||
| 533 |
_aElectronic reproduction. _bPalo Alto, Calif. : _cebrary, _d2011. _nAvailable via World Wide Web. _nAccess may be limited to ebrary affiliated libraries. |
||
| 650 | 0 |
_aOld age pensions _zEurope, Central _xFinance. |
|
| 650 | 0 |
_aOld age pensions _zEurope, Eastern _xFinance. |
|
| 650 | 0 |
_aOld age pensions _zEurope, Southern _xFinance. |
|
| 650 | 0 |
_aPopulation aging _zEurope, Central. |
|
| 650 | 0 |
_aPopulation aging _zEurope, Eastern. |
|
| 650 | 0 |
_aPopulation aging _zEurope, Southern. |
|
| 650 | 0 |
_aFinance _zEurope, Central. |
|
| 650 | 0 |
_aFinance _zEurope, Eastern. |
|
| 650 | 0 |
_aFinance _zEurope, Southern. |
|
| 655 | 7 |
_aElectronic books. _2local |
|
| 700 | 1 | _aHolzmann, Robert. | |
| 710 | 2 | _aebrary, Inc. | |
| 830 | 0 |
_aDirections in development (Washington, D.C.). _pFinance. |
|
| 856 | 4 | 0 |
_uhttp://site.ebrary.com/lib/rucke/Doc?id=10281480 _zAn electronic book accessible through the World Wide Web; click to view |
| 999 |
_c3484 _d3484 |
||